| 000 | 00495nam a2200169Ia 4500 | ||
|---|---|---|---|
| 001 | 9481 | ||
| 003 | IN-NITTTR | ||
| 005 | 20251114233048.0 | ||
| 008 | 251113s9999||||xx |||||||||||||| ||eng|| | ||
| 040 | _beng | ||
| 040 | _cIN-NITTTR | ||
| 041 | _aeng | ||
| 082 | _a621.381528 T656T | ||
| 100 | _aTowers, T. D. | ||
| 245 | 0 |
_aTowers' international transistor selector : _b specification data for the identification, selection and substitution of transistors. / _cTowers, T. D. |
|
| 942 |
_2ddc _cBK |
||
| 999 |
_c12118 _d12118 |
||